<?xml version="1.0" encoding="UTF-8"?>
<record
    xmlns:xsi="http://www.w3.org/2001/XMLSchema-instance"
    xsi:schemaLocation="http://www.loc.gov/MARC21/slim http://www.loc.gov/standards/marcxml/schema/MARC21slim.xsd"
    xmlns="http://www.loc.gov/MARC21/slim">

  <leader>01420nam a22002777a 4500</leader>
  <controlfield tag="008">170401s2016        cr||||| |||| 00| 0 spa d</controlfield>
  <datafield tag="020" ind1=" " ind2=" ">
    <subfield code="a">9789930958407</subfield>
  </datafield>
  <datafield tag="082" ind1="0" ind2="4">
    <subfield code="a">708</subfield>
    <subfield code="b">R696t</subfield>
  </datafield>
  <datafield tag="100" ind1="1" ind2=" ">
    <subfield code="a">Rodr&#xED;guez, L&#xE9;ster.</subfield>
    <subfield code="9">3637</subfield>
  </datafield>
  <datafield tag="245" ind1="1" ind2="0">
    <subfield code="a">Territorio infinito /</subfield>
    <subfield code="c">L&#xE9;ster Rodr&#xED;guez ; coordinado por Mar&#xED;a Jos&#xE9; Chavarr&#xED;a ; traducci&#xF3;n por Natasha Mclver ; fotograf&#xED;as por Adriana Artavia Vindas ; Museo de Arte y Dise&#xF1;o Contempor&#xE1;neo (MADC).</subfield>
  </datafield>
  <datafield tag="250" ind1=" " ind2=" ">
    <subfield code="a">1a ed.</subfield>
  </datafield>
  <datafield tag="260" ind1=" " ind2=" ">
    <subfield code="a">San Jos&#xE9;, Costa Rica :</subfield>
    <subfield code="b">MADC,</subfield>
    <subfield code="c">2016.</subfield>
  </datafield>
  <datafield tag="300" ind1=" " ind2=" ">
    <subfield code="a">46 p.</subfield>
    <subfield code="b">il. col.</subfield>
  </datafield>
  <datafield tag="500" ind1=" " ind2=" ">
    <subfield code="a">Cat&#xE1;logo publicado con motivo a la exhibici&#xF3;n "Territorio infinito", presentada del 14 de mayo al 8 de julio de 2015, en el Museo de Arte y Dise&#xF1;o Contempor&#xE1;neo (MADC).</subfield>
  </datafield>
  <datafield tag="505" ind1="0" ind2=" ">
    <subfield code="t">Partiendo del territorio infinito</subfield>
    <subfield code="r">Mar&#xED;a Jos&#xE9; Chavarr&#xED;a.</subfield>
    <subfield code="t">Imagen, mapa y poder en la obra de L&#xE9;ster Rodr&#xED;guez</subfield>
    <subfield code="r">Pablo Jos&#xE9; Ram&#xED;rez.</subfield>
    <subfield code="t">Conjuntos finitos: a prop&#xF3;sito de la educaci&#xF3;n en un museo</subfield>
    <subfield code="r">Antonieta Sibaja Hidalgo.</subfield>
  </datafield>
  <datafield tag="653" ind1="1" ind2="0">
    <subfield code="a">Arte contempor&#xE1;neo</subfield>
  </datafield>
  <datafield tag="653" ind1="1" ind2="0">
    <subfield code="a">Cat&#xE1;logo de exhibici&#xF3;n</subfield>
  </datafield>
  <datafield tag="653" ind1="1" ind2="0">
    <subfield code="a">Exhibiciones</subfield>
  </datafield>
  <datafield tag="653" ind1="1" ind2="0">
    <subfield code="a">Instalaci&#xF3;n</subfield>
  </datafield>
  <datafield tag="653" ind1="1" ind2="0">
    <subfield code="a">Arte Centroamericano </subfield>
  </datafield>
  <datafield tag="653" ind1="1" ind2="0">
    <subfield code="a">Arte - Honduras</subfield>
  </datafield>
  <datafield tag="700" ind1="1" ind2=" ">
    <subfield code="a">Chavarr&#xED;a, Mar&#xED;a Jos&#xE9;</subfield>
    <subfield code="e">coordinadora.</subfield>
    <subfield code="9">2428</subfield>
  </datafield>
  <datafield tag="700" ind1="1" ind2=" ">
    <subfield code="a">Mclver, Natasha</subfield>
    <subfield code="e">traductora.</subfield>
    <subfield code="9">3967</subfield>
  </datafield>
  <datafield tag="700" ind1="1" ind2=" ">
    <subfield code="a">Artavia Vindas, Adriana.</subfield>
    <subfield code="e">fot&#xF3;grafa.</subfield>
    <subfield code="9">5771</subfield>
  </datafield>
  <datafield tag="710" ind1="1" ind2=" ">
    <subfield code="a">Museo de Arte y Dise&#xF1;o Contempor&#xE1;neo (MADC).</subfield>
    <subfield code="9">5772</subfield>
  </datafield>
  <datafield tag="999" ind1=" " ind2=" ">
    <subfield code="c">1170</subfield>
    <subfield code="d">1170</subfield>
  </datafield>
  <datafield tag="952" ind1=" " ind2=" ">
    <subfield code="0">0</subfield>
    <subfield code="1">0</subfield>
    <subfield code="2">ddc</subfield>
    <subfield code="4">0</subfield>
    <subfield code="7">0</subfield>
    <subfield code="a">LV</subfield>
    <subfield code="b">LV</subfield>
    <subfield code="c">Monograf&#xED;as</subfield>
    <subfield code="d">2017-04-01</subfield>
    <subfield code="l">0</subfield>
    <subfield code="o">708 R696t</subfield>
    <subfield code="p">004349</subfield>
    <subfield code="r">2017-04-01 00:00:00</subfield>
    <subfield code="w">2017-04-01</subfield>
    <subfield code="y">01</subfield>
  </datafield>
</record>
